[Event "Stay Safe Play From Home 346"]
[Site "Emanuel Lasker Arena"]
[Date "2020.07.31"]
[Round "3"]
[White "Hickey"]
[Black "Padmaesh M K"]
[Result "1-0"]
[WhiteElo "2019"]
[BlackElo "1882"]
[Annotator "TA"]
[PlyCount "99"]
[EventDate "2020.07.31"]
[EventType "swiss (blitz)"]

{[%evp 11,99,-27,-23,-56,-27,-31,-5,-52,-52,-52,-40,-35,-12,-18,-14,-33,0,0,9,-9,0,-22,-19,-25,-38,-37,-4,-18,-10,-10,-18,-14,0,0,0,0,0,0,0,0,0,0,0,-36,34,3,233,233,251,247,199,138,178,178,154,0,8,0,56,41,56,56,264,206,472,351,1588,708,1310,1309,1264,1008,1435,1328,29983,29984,29988,29989,29989,29990,29991,29992,29993,29993,29996,29996,29996,29996,29998,29995]} 1. Nf3 d5 2. g3 Nf6 3. Bg2 c5 4. O-O Nc6 5. d3 e5 6. Bg5 Be7 7. Nbd2 {A08: King's Indian Attack.} O-O 8. e4 dxe4 {[#]} 9. Nxe4 $146 {The position is equal.} (9. dxe4 {seems wilder.} Be6 10. c3 Qc7 11. Qc2 Rad8 12. Rfd1) ({Predecessor:} 9. dxe4 Be6 10. c3 Qb6 11. Qc2 Rfd8 12. h3 Qc7 13. Rfd1 h6 14. Bxf6 Bxf6 15. Nf1 Rxd1 16. Rxd1 {1-0 (53) De Coninck,E (2032)-Afsari Rad,A (1733) Helsingor 2017}) 9... Nxe4 10. Bxe7 Qxe7 11. dxe4 Bg4 12. c3 Rfd8 13. Qe2 Qf6 14. Rfd1 a6 15. h3 Be6 16. a4 Na5 17. Rxd8+ Rxd8 18. Rd1 Bc4 19. Rxd8+ Qxd8 20. Qd2 Qxd2 21. Nxd2 $11 {[%mdl 4096] Endgame aiming for b4. KBN-KBN} Bd3 22. Bf1 Bxf1 23. Kxf1 {KN-KN} Kf8 24. Ke2 Ke7 25. Kd3 Kd6 26. h4 g6 27. h5 g5 (27... gxh5 $15 28. b4 cxb4 29. cxb4 Nc6) 28. g4 h6 $2 {[#]} (28... b5 $11 {and Black is okay.}) 29. Nf1 $1 $18 Nc6 30. Ne3 Ne7 31. Kc4 (31. Nc4+ $18 Ke6 32. Na5) 31... Kc6 32. a5 Nc8 33. b4 (33. b3 $16) 33... Nd6+ $11 34. Kd3 cxb4 (34... Kb5 $1 $11) 35. cxb4 $14 Kb5 36. Nd5 Nc4 $2 ({Black should play} 36... Ka4 $1 $14) 37. f3 Nb2+ $2 (37... b6 38. Kc3 bxa5) 38. Kc3 $18 Nc4 $2 (38... Na4+ 39. Kb3 b6 40. axb6 Nxb6) 39. Ne7 (39. Nc7+ $142 Kc6 40. Kxc4) 39... Ne3 40. Ng8 Nd1+ 41. Kd2 Nf2 42. Nxh6 Kxb4 43. Nxf7 {[%mdl 64] Double Attack. White mates.} Kxa5 44. h6 Nh3 45. h7 Kb5 46. h8=Q {[%mdl 64] Double Attack} a5 47. Qd8 a4 48. Qd7+ Kb4 49. Qxb7+ Ka3 {[#]} 50. Qa7 $1 {Accuracy: White = 72%, Black = 48%.} 1-0

[Event "Stay Safe Play From Home 346"]
[Site "Emanuel Lasker Arena"]
[Date "2020.07.31"]
[Round "3"]
[White "Buzaglo"]
[Black "Edmatuag"]
[Result "1-0"]
[WhiteElo "1872"]
[BlackElo "1709"]
[Annotator "NA RC"]
[PlyCount "109"]
[EventDate "2020.07.31"]
[EventType "swiss (blitz)"]

1. d4 {[%emt 0:00:00]} d6 {[%emt 0:00:01]} 2. Nf3 {[%emt 0:00:00]} c6 {[%emt 0:00:00]} 3. g3 {[%emt 0:00:00]} Nd7 {[%emt 0:00:00]} 4. Bg2 {[%emt 0:00:00]} Qc7 {[%emt 0:00:00]} 5. O-O {[%emt 0:00:00]} g6 {[%emt 0:00:00]} 6. c4 {[%emt 0:00:00]} Bg7 {[%emt 0:00:00]} 7. Nc3 {[%emt 0:00:00]} e5 {[%emt 0:00:01]} 8. e4 {[%emt 0:00:00]} Ne7 {[%emt 0:00:04]} 9. d5 {[%emt 0:00:01]} O-O {[%emt 0:00:03]} 10. Be3 {[%emt 0:00:01]} a6 {[%emt 0:00:01]} 11. Rc1 {[%emt 0:00:01]} Re8 {[%emt 0:00:01]} 12. a3 {[%emt 0:00:01]} Nf8 {[%emt 0:00:01]} 13. Re1 {[%emt 0:00:01]} f5 {[%emt 0:00:01]} 14. exf5 {[%emt 0:00:01]} gxf5 {[%emt 0:00:00]} 15. Ng5 {[%emt 0:00:02]} Nfg6 {[%emt 0:00:01]} 16. h4 {[%emt 0:00:02]} f4 {[%emt 0:00:01]} 17. Bd2 {[%emt 0:00:01]} fxg3 {[%emt 0:00:02]} 18. fxg3 {[%emt 0:00:00]} Nf5 {[%emt 0:00:02]} 19. Kh2 {[%emt 0:00:02]} Nd4 {[%emt 0:00:01]} 20. Be3 {[%emt 0:00:02]} Ne7 {[%emt 0:00:02]} 21. Ne6 {[%emt 0:00:02]} Bxe6 {[%emt 0:00:01]} 22. dxe6 {[%emt 0:00:00]} Rf8 {[%emt 0:00:01]} 23. Bxd4 {[%emt 0:00:01]} exd4 {[%emt 0:00:01]} 24. Ne4 {[%emt 0:00:01]} c5 {[%emt 0:00:02]} 25. Ng5 {[%emt 0:00:01]} Ng6 {[%emt 0:00:02]} 26. Qd3 {[%emt 0:00:03]} Qe7 {[%emt 0:00:02]} 27. Nf7 {[%emt 0:00:01]} Bf6 {[%emt 0:00:02]} 28. Nh6+ {[%emt 0:00:02]} Kg7 {[%emt 0:00:01]} 29. Nf7 {[%emt 0:00:00]} Rxf7 {[%emt 0:00:03]} 30. exf7 {[%emt 0:00:01]} Qxf7 {[%emt 0:00:00]} 31. Qf5 {[%emt 0:00:02]} Re8 {[%emt 0:00:01]} 32. Bd5 {[%emt 0:00:01]} Qf8 {[%emt 0:00:03]} 33. Rxe8 {[%emt 0:00:01]} Qxe8 {[%emt 0:00:01]} 34. Bg2 {[%emt 0:00:01]} Qf8 {[%emt 0:00:00]} 35. Rf1 {[%emt 0:00:02]} Ne5 {[%emt 0:00:00]} 36. g4 {[%emt 0:00:02]} Ng6 {[%emt 0:00:01]} 37. g5 {[%emt 0:00:01]} Be5+ {[%emt 0:00:01]} 38. Kh1 {[%emt 0:00:02]} Qxf5 {[%emt 0:00:00]} 39. Rxf5 {[%emt 0:00:01]} Nxh4 {[%emt 0:00:00]} 40. Rf2 {[%emt 0:00:03]} Nxg2 {[%emt 0:00:00]} 41. Rxg2 {[%emt 0:00:00]} d3 {[%emt 0:00:01]} 42. g6 {[%emt 0:00:00]} hxg6 {[%emt 0:00:01]} 43. Rd2 {[%emt 0:00:00]} Bxb2 {[%emt 0:00:01]} 44. Rxd3 {[%emt 0:00:00]} Be5 {[%emt 0:00:00]} 45. Rb3 {[%emt 0:00:01]} Kf6 {[%emt 0:00:00]} 46. Rxb7 {[%emt 0:00:00]} d5 {[%emt 0:00:01]} 47. Rb6+ {[%emt 0:00:00]} Kf5 {[%emt 0:00:03]} 48. Rxa6 {[%emt 0:00:00]} d4 {[%emt 0:00:01]} 49. Ra8 {[%emt 0:00:02]} d3 {[%emt 0:00:01]} 50. Rf8+ {[%emt 0:00:00]} Ke4 {[%emt 0:00:01]} 51. Rd8 {[%emt 0:00:00]} Bd4 {[%emt 0:00:01]} 52. Re8+ {[%emt 0:00:00]} Kf3 {[%emt 0:00:01]} 53. Kh2 {[%emt 0:00:01]} d2 {[%emt 0:00:01]} 54. Rf8+ {[%emt 0:00:00]} Ke2 {[%emt 0:00:02]} 55. Re8+ {[%emt 0:00:01] Time (Lag: Av=0.65s, max=1.1s)} 1-0

[Event "Stay Safe Play From Home 346"]
[Site "Emanuel Lasker Arena"]
[Date "2020.07.31"]
[Round "3"]
[White "Trotsky"]
[Black "SelamiSahin"]
[Result "1-0"]
[WhiteElo "1536"]
[BlackElo "2109"]
[Annotator "TA"]
[PlyCount "49"]
[EventDate "2020.07.31"]
[EventType "swiss (blitz)"]

{[%evp 9,48,-19,-28,-18,1,-34,-18,-72,-63,-83,-49,-88,-67,-83,-83,-206,-104,-111,-112,-123,-52,-50,-45,-330,-281,-281,-268,-285,-281,-356,-355,-358,-355,-353,-347,-372,-351,-488,-348,-29999,29999]} 1. d4 c6 2. e3 d5 3. c4 Nf6 4. Nc3 Bf5 5. c5 Nbd7 6. Bd3 {D10: Slav Defence: 3 cxd5 (without early Nf3) and 3 Nc3.} Bg6 {[#]} 7. Qc2 $146 ({Predecessor:} 7. Bxg6 hxg6 8. Nf3 Qc7 9. h3 e5 10. Nd2 O-O-O 11. O-O g5 12. f3 exd4 13. exd4 {1-0 (36) Debevec,K (1383)-Malkoc,P (1295) Portoroz 2016}) 7... e6 8. h4 (8. b4 $11 {remains equal.}) 8... Bxd3 $17 9. Qxd3 e5 10. Nh3 Be7 11. Bd2 O-O 12. O-O-O (12. O-O $17) 12... e4 (12... b6 $19 13. cxb6 axb6) 13. Qc2 b6 14. f3 bxc5 (14... exf3 $17 15. gxf3 bxc5) 15. fxe4 $15 cxd4 16. Ne2 $2 {[%mdl 8192] [#]} (16. exd4 $15 Nxe4 17. Nxe4 dxe4 18. Kb1) 16... dxe3 ({Not} 16... dxe4 17. Nxd4 Qb6 18. Kb1 $17) (16... Nxe4 17. exd4 Ndf6 18. Kb1 $19) 17. Bxe3 Nxe4 18. Ng5 Ndf6 19. Rdf1 h6 20. Rf4 Rb8 ({Much less strong is} 20... hxg5 21. hxg5 g6 22. gxf6 $19) 21. Kb1 Qa5 (21... hxg5 22. hxg5 g6 23. gxf6 $19) 22. Ka1 Rb4 (22... hxg5 23. hxg5 Rfc8 24. gxf6 $15) 23. Nc3 Nxc3 {[%csl Gc3][%cal Ra5a2]} (23... hxg5 $2 24. hxg5 Nxc3 25. Qxc3 $19) 24. Rxf6 $2 {[#]} (24. Qxc3 $19 Qa4 25. Rxb4 Bxb4 26. Qd3) 24... Bxf6 $4 {[%mdl 8192]} (24... Qxa2# {and life is good for Black.}) 25. Qh7# {Accuracy: White = 42%, Black = 68%.} 1-0

[Event "Stay Safe Play From Home 346"]
[Site "Emanuel Lasker Arena"]
[Date "2020.07.31"]
[Round "4"]
[White "AChessPlayer"]
[Black "NTBT_DHS"]
[Result "0-1"]
[WhiteElo "2401"]
[BlackElo "2619"]
[Annotator "TA"]
[PlyCount "80"]
[EventDate "2020.07.31"]
[EventType "swiss (blitz)"]

{[%evp 10,79,27,26,37,37,91,32,56,39,58,0,60,38,121,111,112,24,41,30,35,27,208,201,201,216,244,202,229,174,201,168,190,181,181,174,184,130,221,221,221,221,236,215,215,229,204,14,22,0,0,0,0,-935,-933,-1000,-909,-6648,-5731,-2311,-2437,-29977,-29978,-5502,-2381,-2381,-2163,-1414,-1239,-1239,-1239,-29999]} 1. Nf3 d5 2. g3 Nf6 3. Bg2 Bf5 4. O-O Nbd7 5. d3 e5 6. Nbd2 Bg6 $5 {[%mdl 4] An interesting side line. A07: Réti Opening: New York and Capablanca Systems.} 7. Nh4 Bc5 (7... Bh5 $14) 8. e4 (8. Nxg6 $16 hxg6 9. c4) 8... c6 {[#] White is slightly better.} 9. Nb3 $146 ({Predecessor:} 9. a3 a5 10. Qe2 O-O 11. Nxg6 hxg6 12. Nb3 Bb6 13. a4 Re8 14. Bg5 Qc7 15. Qf3 dxe4 16. dxe4 {½-½ (59) Sadiku,B (2232)-Gjurgjeala,A (2077) Pristina 2017}) 9... Bb6 10. Qe2 ({White should try} 10. exd5 $14 Bh5 11. Bf3 Bxf3 12. Nxf3) 10... Qe7 (10... Bh5 $11 11. Bf3 Bxf3 12. Qxf3 O-O) 11. Bg5 (11. exd5 {seems wilder.} Nxd5 12. a4 a6 13. Bd2 O-O-O 14. Rfe1) 11... h6 ({Better is} 11... dxe4 $14 12. dxe4 O-O) 12. Nxg6 $16 fxg6 13. Be3 (13. Bxf6 $16 Nxf6 14. exd5 cxd5 15. Rae1) 13... d4 14. Bc1 g5 15. a4 {[%cal Ba2a4,Ba4a5][%mdl 32]} h5 $2 (15... a5 $11 {and Black is okay.}) 16. a5 Bc7 17. Bxg5 O-O-O 18. h4 Kb8 19. Bh3 Qf7 20. Nd2 Nf8 21. Nc4 Ne6 22. Bd2 Rdg8 23. b4 ({White should play} 23. f4 $18 exf4 24. gxf4) 23... g5 (23... a6 $16 24. Qf3 Qe8) 24. Bxe6 $1 $18 Qxe6 25. Bxg5 ({But not} 25. hxg5 $6 h4 $16) 25... Ng4 26. Qf3 Rf8 27. Qg2 Rhg8 28. Bd2 $2 (28. Kh1 $18) 28... Bd8 $1 $11 29. Qh3 {Hoping for f3.} Rf3 $1 30. Kg2 Rgf8 {[%cal Rf3f2]} 31. Bf4 $2 {[%mdl 8192]} (31. Be1 $11) 31... R8xf4 $19 {[%mdl 64] Pin} 32. a6 Rxf2+ 33. Rxf2 Rxf2+ 34. Kg1 Qf6 35. axb7 Qf3 36. Rf1 {[#]} Rxf1+ (36... Bxh4 $142 $1 {[%mdl 512]} 37. Nd2 {[#]} (37. gxh4 Qxh3) 37... Qe3 $1 {[%mdl 512]} 38. Rxf2 Qxf2+ 39. Kh1 Qxd2 40. Qg2 Qc1+ 41. Qg1 Qxc2 42. gxh4 Qxd3 43. Qg2 Qd1+ 44. Qg1 Qe2 45. Qg2 d3 46. b5 cxb5 47. Qxe2 dxe2 48. Kg2 e1=Q {[%mdl 64] Double Attack} 49. Kh3 Qe3+ 50. Kg2 Qf2+ {[%mdl 64] Double Attack} 51. Kh3 Qh2#) 37. Qxf1 Qxg3+ {[%mdl 64] Double Attack} 38. Qg2 Qe1+ 39. Qf1 Qxh4 {[%csl Gg4][%cal Rh4h2]} 40. Nd6 Qh2# {Accuracy: White = 49%, Black = 61%.} 0-1

[Event "Stay Safe Play From Home 346"]
[Site "Emanuel Lasker Arena"]
[Date "2020.07.31"]
[Round "4"]
[White "SelamiSahin"]
[Black "Mepe_Nika"]
[Result "0-1"]
[WhiteElo "2076"]
[BlackElo "2420"]
[Annotator "TA"]
[PlyCount "124"]
[EventDate "2020.07.31"]
[EventType "swiss (blitz)"]

{[%evp 9,124,-2,2,-4,-8,-7,0,0,0,0,8,0,14,7,13,0,0,-18,-8,-66,3,-37,-37,-22,0,0,0,0,0,0,5,0,0,0,0,0,0,0,0,0,97,92,216,228,216,214,240,247,239,228,250,186,240,128,192,94,211,157,29985,29986,29968,29969,29964,29964,29966,29962,29970,29970,29970,29969,29977,29975,29979,29980,29973,29963,29958,29955,29963,29966,29966,29967,29967,29968,29967,29969,29966,29970,0,0,0,0,29967,211,204,204,204,204,204,204,196,8,190,185,178,149,123,0,0,0,81,0,29984,0,29983,0,29986]} 1. d4 d5 2. c4 c6 3. Nc3 Nf6 4. Nf3 e6 5. Ne5 Nbd7 6. Bg5 {D43: Semi-Slav: 5 Bg5 h6.} Be7 7. Nxd7 Nxd7 8. Bxe7 Qxe7 {[#]} 9. e3 $146 ({Predecessor:} 9. e4 dxe4 10. Nxe4 O-O 11. Qd2 c5 12. O-O-O b5 13. dxc5 Nxc5 14. Nxc5 Qxc5 15. b4 {½-½ (45) Santos Morales,M (1757)-Aviol Perez,J (1886) Spain 2009}) 9... O-O 10. Qc2 a5 11. Bd3 dxc4 12. Bxc4 e5 13. d5 Nb6 14. Bb3 {[#]} ({White should play} 14. Bd3 $11) 14... cxd5 ({Better is} 14... a4 $1 $15 {[%mdl 512]} 15. Bxa4 cxd5) 15. Nxd5 Nxd5 16. Bxd5 Be6 17. Bxe6 Qxe6 18. O-O Rac8 19. Qe4 b5 20. Rfc1 h6 21. b3 b4 22. h3 Rfd8 23. Rxc8 Rxc8 $11 {[%mdl 4096] Endgame KQR-KQR} 24. Rd1 g6 (24... Qe7 $1 $11 {remains equal.}) 25. Rd5 $1 $16 Re8 (25... Qf6 $16) 26. Rxa5 $18 Qd6 27. Kh2 Qf6 28. f3 ({Don't do} 28. Qxb4 $6 Qxf2 29. Qe4 h5) 28... Qd6 29. Rd5 Qb8 30. Qc4 Kg7 {[#]} (30... Qa7 $142 31. Rc5 (31. Qxb4 Qxe3 32. Qd2 Qxd2 $16) 31... Qxa2) 31. e4 (31. Rd7 $1 $18 Rf8 32. Qe4) 31... Rc8 (31... Re7 $16 32. Ra5 Rb7) 32. Qa6 (32. Qb5 $1 $18 {and White stays clearly on top.}) 32... Re8 (32... Qc7 $16 {was worth a try.}) 33. Rd7 $40 {[%mdl 128] White goes for the king.} Re6 $2 (33... Qc8 $16 34. Qd6 Qc1) 34. Qxe6 $1 Qf8 35. Qxf7+ Qxf7 36. Rxf7+ Kxf7 {KP-KP} 37. g3 Ke6 38. f4 Kd6 39. Kg2 Kc5 40. Kf3 Kd4 41. fxe5 Kxe5 42. h4 Kd4 43. g4 g5 44. hxg5 hxg5 {[#]} 45. e5 $1 {[%mdl 64] Deflection} Kxe5 {K3P-KPP} 46. Ke3 Kd5 47. Kd3 Ke5 48. Kc4 Kf4 49. Kxb4 {aiming for a4.} Kxg4 $11 {KPP-KP} 50. a4 Kf4 $2 {[%mdl 8192]} (50... Kh3 $11) 51. a5 $2 (51. Kc4 g4 52. Kd3 Kf3 53. a5 g3 54. a6 g2 55. a7 g1=Q 56. a8=Q+ Kf4 57. Qe4+ Kg5 58. Qe3+ Qxe3+ 59. Kxe3) 51... g4 $18 52. a6 {a7 would kill now.} g3 {intending ...g2.} 53. a7 g2 54. a8=Q g1=Q {KQ-KQ} 55. Qa5 $2 (55. Qd5 $18) 55... Qe1+ $2 (55... Qd4+ $11 56. Kb5 Qd7+ 57. Kc4 Qc6+ 58. Kb4 Qd7) 56. Ka4 Qa1+ {[#]} 57. Kb5 $1 Qe5+ {[#]} 58. Kb6 (58. Ka6 $1 $16 {Black must now prevent Qxe5+.} Qd6+ 59. Qb6 Qd3+ 60. Qb5 Qd6+ 61. Qb6 Qd3+ 62. Kb7) 58... Qb8+ $11 59. Kc6 {Threatens to win with Qc7+.} Qe8+ (59... Qxb3 $11 {keeps the balance.} 60. Qd2+ Qe3 61. Qxe3+ Kxe3) 60. Kc7 (60. Kb7 $16 {Qa4+ is the strong threat.} Qe4+ 61. Ka7 Qh7+ 62. Ka6) 60... Qe4 $2 {[%mdl 8192]} (60... Qf7+ $11 61. Kc6 Qxb3) 61. Kb6 $2 (61. Qa4 Kf5 62. Qxe4+ Kxe4 63. b4 Kf4 64. b5 Kf3 65. b6 Ke3 66. b7) 61... Qe5 $2 {[%mdl 8192]} (61... Qe6+ $11 62. Kc5 Qxb3) 62. Qc5 $2 (62. Qxe5+ {mates} Kxe5 63. Kc6 Ke6 64. b4 Ke7 65. Kc7 Kf7 66. b5 Kg6 67. b6) 62... Qe3 $2 {[%mdl 40960] Accuracy: White = 65%, Black = 57%. . Loss on time!?} (62... Qb8+ $11 63. Kc6 Qxb3) 0-1

[Event "Stay Safe Play From Home 346"]
[Site "Emanuel Lasker Arena"]
[Date "2020.07.31"]
[Round "4"]
[White "SoulofWolf"]
[Black "Nuktotitakoi"]
[Result "0-1"]
[WhiteElo "2038"]
[BlackElo "2319"]
[Annotator "TA"]
[PlyCount "58"]
[EventDate "2020.07.31"]
[EventType "swiss (blitz)"]

{[%evp 14,57,39,13,18,25,17,-2,0,-26,14,18,11,-41,35,30,108,71,154,8,12,-452,-445,-432,-27,-29,-24,-118,-110,-128,-127,-596,-347,-707,-499,-554,-560,-1200,-560,-1378,-1305,-1949,-1838,-1584,-1387,-29999]} 1. d4 d6 2. Nf3 Nf6 3. c4 g6 4. Nc3 Bg7 5. g3 O-O 6. Bg2 Nbd7 7. O-O e5 8. Re1 exd4 {E67: King's Indian: Fianchetto: 6...Nbd7.} 9. Nxd4 Re8 {[#]} 10. Nc2 $146 ({Predecessor:} 10. b3 a6 11. Bb2 Nc5 12. Qc2 Rb8 13. Rad1 Bd7 14. a4 Ng4 15. e4 Ne5 16. Nd5 c6 17. Ne3 Ned3 18. Rxd3 Nxd3 19. Qxd3 c5 20. Nd5 cxd4 21. Bxd4 Be6 22. Bxg7 Kxg7 23. Qc3+ {½-½ (23) Verstraeten,R (2312)-Lindam,I (2053) Gent 2015}) 10... Nc5 {The position is equal.} 11. Bg5 a5 12. Qd2 a4 13. Nb4 (13. Rad1 $11) 13... a3 (13... c6 $15) 14. b3 $14 Bd7 (14... c6 $11) 15. Rad1 Ne6 (15... Qb8 $142) 16. Be3 (16. Bxb7 $16 Nxg5 17. Qxg5) 16... Ng4 $1 $11 17. Bf4 $2 {[%mdl 8192]} ({Don't blunder} 17. Bxb7 $2 Nxe3 18. fxe3 Qb8 $19) (17. Nc2 $11) 17... Nxf4 $19 18. gxf4 Rb8 $2 ({Black should play} 18... Qh4 $19 19. Nd3 Qxh2+ 20. Kf1 Nh6) 19. h3 $11 Nf6 20. Nc2 {[#]} (20. e3 $11 {keeps the balance.}) 20... Nh5 $1 $36 {[%cal Rh5f4][%mdl 2048] Strongly threatening ...Nxf4! Black is on the roll.} 21. e3 Qh4 22. Qe2 $2 {[%mdl 8192]} (22. Nb5 $17 Bxh3 23. f3) 22... Bxh3 23. Qf3 $2 (23. Nd5 c6 24. Bxh3 Qxh3 25. Qf1 Qxf1+ 26. Kxf1 cxd5 27. Rxd5) 23... Bxg2 24. Qxg2 Bxc3 25. Re2 Bg7 {aiming for ...Nxf4!} 26. Nxa3 {[#]} Nxf4 $1 {[%mdl 64] Double Attack, Pin} 27. Qf3 (27. exf4 Rxe2) 27... Nxe2+ 28. Qxe2 {[#]} Re5 $1 {( -> ...Rg5+)} 29. Kf1 Qh1# {Accuracy: White = 25%, Black = 45%.} 0-1

[Event "Stay Safe Play From Home 346"]
[Site "Emanuel Lasker Arena"]
[Date "2020.07.31"]
[Round "4"]
[White "Buzaglo"]
[Black "Tolka"]
[Result "0-1"]
[WhiteElo "1882"]
[BlackElo "2251"]
[Annotator "TA"]
[PlyCount "108"]
[EventDate "2020.07.31"]
[EventType "swiss (blitz)"]

{[%evp 10,108,17,24,37,-20,-7,-15,13,-14,25,25,216,-60,45,-26,146,-82,53,55,82,-112,-108,-104,35,23,40,43,43,28,30,-111,-107,-110,-40,-68,-58,-75,-26,-160,0,-83,-77,-95,0,0,0,-97,-97,-150,-96,-172,-167,-358,-68,-436,-56,-208,-166,-292,-258,-264,-262,-283,-257,-500,-475,-1276,-566,-1279,-863,-1743,-1260,-5322,-1581,-6439,-3496,-29990,-29991,-29991,-29992,-29992,-29992,-29992,-29993,-29993,-29994,-29995,-29996,-29996,-29996,-29996,-29996,-29996,-29996,-29996,-29996,-29996,-29997,-29998,-29998]} 1. d4 d6 2. Nf3 Nf6 3. g3 g6 4. Bg2 Bg7 5. O-O O-O 6. c4 Ne4 {E60: King's Indian: Unusual lines and Fianchetto Variation without Nc3.} 7. Nc3 (7. Qc2 $14 Nf6 8. Nc3) 7... Nxc3 $11 8. bxc3 e5 {[#] The position is equal.} 9. e3 $146 ({Predecessor:} 9. Bg5 Qe8 10. Qb3 Nc6 11. Be3 b6 12. dxe5 dxe5 13. Nxe5 Bxe5 14. Qb5 Bb7 15. Rad1 Bxc3 16. Rd3 Bg7 17. Rfd1 a6 18. Qa4 Rb8 19. R3d2 Ne5 {0-1 (19) Putka,V (2448)-Troyke,C (2247) Tallinn 2019}) 9... Bg4 {And now ...e4 would win.} 10. Qb3 Qc8 $2 {[#]} (10... Nc6 $11 {and Black is okay.}) 11. Bd2 $2 ({White has to play} 11. Nxe5 $1 $18 {[%mdl 512]} Nc6 (11... dxe5 12. Bxb7) 12. Nxg4 (12. Nxc6 bxc6 13. c5 Rd8 $16)) 11... e4 (11... Nc6 $15) 12. Ne1 (12. Ng5 $14) 12... f5 $2 (12... Be2 $11) 13. Nc2 $2 (13. f3 $16 {keeps the pressure on.} exf3 14. Nxf3) 13... Be2 (13... c5 $17) 14. Rfe1 $14 Bf3 15. Rac1 $2 (15. c5+ $16 Kh8 16. Bxf3 exf3 17. Rab1) 15... Bxg2 $17 16. Kxg2 b6 (16... c5 $17) 17. c5+ $1 $14 Kh8 18. cxd6 cxd6 19. Nb4 Nc6 {[%cal Bb8c6,Bc6a5,Ba5c4,Bc4b2][%mdl 32]} 20. Nd5 (20. Nxc6 $11 Qxc6 21. c4) 20... Na5 $1 $36 {[%cal Ra5b3][%mdl 2048] Black is really pushing.} 21. Qb5 {White wants to play c4.} Qc4 (21... Nc4 $17 22. Red1 a6) 22. Qxc4 Nxc4 23. Red1 Nb2 24. Re1 (24. Rf1 $11) 24... Nc4 (24... Nd3 $142 25. c4 Kg8) 25. Red1 Kg8 26. Be1 Nb2 ({Better is} 26... Kf7 $17) 27. Rd2 $1 $11 {[%cal Rd2b2]} Nc4 28. Rdc2 (28. Rdd1 $11) 28... Kf7 $17 29. Nc7 (29. a4 $142) 29... Rad8 (29... Rac8 $142 30. Nd5 g5) 30. Nb5 {[#]} (30. d5 $17 {was called for.}) 30... Rd7 $1 $19 {...a6 is the strong threat.} 31. a4 $2 (31. d5) 31... Rc8 $2 (31... a6 $19 32. Ra1 axb5 33. axb5 d5) 32. a5 $2 {[%mdl 8192]} (32. Ra2 $15) 32... Nxa5 $2 ({Black should play} 32... a6 $19 33. Nxd6+ Rxd6 34. axb6 Rxb6) 33. d5 $2 (33. c4 $15) 33... Nc4 34. Nd4 (34. Ra2 {keeps fighting.}) 34... Bxd4 35. cxd4 b5 36. Bb4 Ke7 37. Ba3 $2 (37. g4 {was worth a try.}) 37... Rdc7 38. Bb4 {[#]} (38. Rc3 $142 a5 39. Rb1) 38... Kd7 (38... Nxe3+ $142 $1 {[%mdl 512]} 39. Kh3 (39. fxe3 Rxc2+) 39... Rxc2) 39. h4 a5 {Hoping for ...Nxe3+!} 40. h5 axb4 41. hxg6 hxg6 {( -> ...Nxe3+!)} 42. g4 {[#]} Nxe3+ $1 {[%mdl 64] Discovered Attack} 43. fxe3 Rxc2+ {Black mates.} 44. Rxc2 Rxc2+ 45. Kg3 fxg4 {[%mdl 4096] Endgame KR-K3P} 46. Kf4 b3 47. Kg5 b2 48. Kxg6 b1=Q 49. Kf5 Rf2+ 50. Kg5 Qg1 51. Kg6 Qg3 52. Kg7 Qxe3 53. Kg6 Qf4 54. Kg7 Qf7+ {Accuracy: White = 20%, Black = 31%.} 0-1

[Event "Stay Safe Play From Home 346"]
[Site "Emanuel Lasker Arena"]
[Date "2020.07.31"]
[Round "4"]
[White "Padmaesh M K"]
[Black "Edmatuag"]
[Result "0-1"]
[WhiteElo "1872"]
[BlackElo "1700"]
[Annotator "NA RC"]
[PlyCount "40"]
[EventDate "2020.07.31"]
[EventType "swiss (blitz)"]

1. Nf3 {[%emt 0:00:02]} d6 {[%emt 0:00:00]} 2. d4 {[%emt 0:00:00]} c6 {[%emt 0:00:00]} 3. c4 {[%emt 0:00:01]} Nd7 {[%emt 0:00:00]} 4. Nc3 {[%emt 0:00:00]} Qc7 {[%emt 0:00:00]} 5. d5 {[%emt 0:00:00]} g6 {[%emt 0:00:00]} 6. Bf4 {[%emt 0:00:01]} Bg7 {[%emt 0:00:01]} 7. e4 {[%emt 0:00:02]} Ngf6 {[%emt 0:00:01]} 8. Bd3 {[%emt 0:00:01]} O-O {[%emt 0:00:02]} 9. O-O {[%emt 0:00:01]} e5 {[%emt 0:00:01]} 10. dxe6 {[%emt 0:00:02]} fxe6 {[%emt 0:00:00]} 11. e5 {[%emt 0:00:02]} dxe5 {[%emt 0:00:02]} 12. Nxe5 {[%emt 0:00:01]} Nxe5 {[%emt 0:00:01]} 13. Re1 {[%emt 0:00:01]} Nh5 {[%emt 0:00:08]} 14. Bxe5 {[%emt 0:00:07]} Bxe5 {[%emt 0:00:02]} 15. Ne4 {[%emt 0:00:00]} Bxh2+ {[%emt 0:00:01]} 16. Kh1 {[%emt 0:00:01]} Be5 {[%emt 0:00:02]} 17. Rc1 {[%emt 0:00:03]} Qe7 {[%emt 0:00:02]} 18. Qg4 {[%emt 0:00:03]} Bxb2 {[%emt 0:00:03]} 19. Rc2 {[%emt 0:00:01]} e5 {[%emt 0:00:01]} 20. Ng5 {[%emt 0:00:02]} Bxg4 {[%emt 0:00:02] Padmaesh M K resigns (Lag: Av=0.54s, max=0.6s)} 0-1

[Event "Stay Safe Play From Home 346"]
[Site "Emanuel Lasker Arena"]
[Date "2020.07.31"]
[Round "4"]
[White "Justwatch"]
[Black "Little champs"]
[Result "0-1"]
[WhiteElo "1634"]
[BlackElo "2187"]
[Annotator "TA"]
[PlyCount "26"]
[EventDate "2020.07.31"]
[EventType "swiss (blitz)"]

{[%evp 9,11,23,29,-3]} 1. e4 c5 2. Nf3 d6 3. Nc3 Nc6 4. Bb5 Bd7 5. Bxc6 Bxc6 6. d3 {[%mdl 32768] [#] A rather calm draw. Loss on time!? B51: Sicilian: Moscow Variation (3 Bb5+) without 3...Bd7.} {Predecessor:} g6 $146 7. Be3 Bg7 8. Qd2 e5 9. h3 b6 10. a4 Qd7 11. Qe2 Ne7 12. Qd2 h6 13. Qe2 O-O {0-1 (36) Leonov,M (2441)-Arzumanian,G (2487) Tula 2007} 0-1